000 003920000a22001090004500
090 _aAS
_bSeriadas
245 1 0 _aNueva especie de Atelopus dumeril & bibron, 1841 (Amphibia: Anura: Bufonidae) para la Sierra Nevada de Santa Marta
041 0 _aEspañol
100 1 _aRueda Almonacid, José Vicente
_9689
942 _cARTICULO
773 1 _tTrianea
_kActa Científica y Tecnológica
_h5
_q101-108
_d1994
999 _c16132
_d16132